000 01120nam a2200277 u 4500
005 20231128063644.0
008 190924s2010 mx a r 000 0 spa d
020 _a9786077879602
035 _aUPN01000233074
040 _aMX-MxUPN
_bspa
_cMX-MxUPN
050 4 _aF1221 T25
_bM33 2010
245 1 0 _aMachinara go raicha tami yua ine oseri = Si quieres ampliar tu lenguaje, ven a leer conmigo
250 _aPrimera edición
260 _aMéxico, D.F. :
_bSecretaría de Educación Pública, Dirección General de Educación Indígena,
_c2010.
300 _a67 páginas :
_bilustraciones a color
490 _aSemilla de palabras
500 _aLengua rarámuri. Estado de Chihuahua -- Cubierta
650 0 _948752
_aTarahumaras
_xVida social y costumbres
_vLiteratura infantil
650 4 _aIndígenas de México
_zChihuahua
_xVida social y costumbres
_vLiteratura infantil
_948764
700 1 _aGonzález Dillon, Mónica
_ecoordinación
_948768
700 1 _aGardea Cruz, María Nicolasa
_etraducción
_948755
902 _bNoemiAcosta/020523
905 _aLibro
942 _2lcc
_cLIBRO
999 _c205169
_d205169